| 000 | 00425nam a2200157 i 4500 | ||
|---|---|---|---|
| 001 | 134357 | ||
| 003 | ES-MaACL | ||
| 005 | 20230906194645.0 | ||
| 007 | t| | ||
| 008 | 070910s1959 xxc ||||1| eng d | ||
| 100 | 1 |
_aWatson, Sheila. _9116197 |
|
| 245 | 1 | 4 |
_aThe double hook / _cSheila Watson. |
| 260 |
_aToronto : _bMcClelland and Stewart, _c[1959?] |
||
| 300 |
_a128 p. ; _c22 cm. |
||
| 852 |
_aES-MaACL _jC-21393 _bR.49863 |
||
| 999 |
_c134357 _d134357 |
||